Vývoj zahraničnoobchodných vzťahov Slovenska s krajinami strednej Ázie
Postavenie krajín stredoázijského regiónu v zahraničnoobchodných vzťahoch Slovenska, so zameraním na krajiny Kazachstan, Kirgizsko, Uzbekistan, Tadžikistan a Turkménsko. Analýza vzájomnej obchodnej výmeny a obchodnej intenzity, zhodnotenie významu týchto krajín vo vonkajších ekonomických vzťahoch Sl...
Guardado en:
| Autor principal: | |
|---|---|
| Otros Autores: | |
| Formato: | Capítulo de libro |
| Lenguaje: | eslovaco |
| Materias: | |
| Etiquetas: |
Sin Etiquetas, Sea el primero en etiquetar este registro!
|
MARC
| LEADER | 00000naa a2200000 4500 | ||
|---|---|---|---|
| 001 | 0261557 | ||
| 005 | 20240502074148.8 | ||
| 041 | 0 | |a slo | |
| 044 | |a SK | ||
| 245 | 1 | 0 | |a Vývoj zahraničnoobchodných vzťahov Slovenska s krajinami strednej Ázie |
| 520 | |a Postavenie krajín stredoázijského regiónu v zahraničnoobchodných vzťahoch Slovenska, so zameraním na krajiny Kazachstan, Kirgizsko, Uzbekistan, Tadžikistan a Turkménsko. Analýza vzájomnej obchodnej výmeny a obchodnej intenzity, zhodnotenie významu týchto krajín vo vonkajších ekonomických vzťahoch Slovenska. | ||
| 610 | 2 | 0 | |a vzťahy obchodné |
| 610 | 2 | 0 | |a vzťahy zahraničné |
| 610 | 2 | 0 | |a Slovensko |
| 610 | 2 | 0 | |a stredná Ázia |
| 610 | 2 | 0 | |a obchod zahraničný |
| 100 | 1 | |a Kašťáková, Elena, 1974- | |
| 700 | 1 | |a Barinková, Natália | |